[Event "Muensterland Verbandsklasse-A 1112"]
[Site "Germany"]
[Date "2011.09.17"]
[Round "1.2"]
[White "Tepasse, Wilhelm"]
[Black "Lemli, Thomas"]
[Result "1/2-1/2"]
[WhiteElo "1802"]
[BlackElo "1991"]
[PlyCount "38"]
[EventDate "2011.09.17"]
[EventType "team-tourn"]
[EventRounds "9"]
[EventCountry "GER"]
[SourceTitle "EXT 2013"]
[Source "ChessBase"]
[SourceDate "2012.11.22"]
[SourceVersion "1"]
[SourceVersionDate "2012.11.22"]
[SourceQuality "1"]
[WhiteTeam "Bocholt II"]
[BlackTeam "Emsdetten Rochade"]
[WhiteTeamCountry "GER"]
[BlackTeamCountry "GER"]

1. c4 e6 2. Nf3 d5 3. cxd5 exd5 4. d4 c6 5. g3 Nf6 6. Bg2 Bd6 7. 0-0 0-0 8. Bg5 Re8 9. Nc3 h6 10. Bxf6 Qxf6 11. Qb3 Qe7 12. Qc2 Bg4 13. Rfe1 Bxf3 14. Bxf3 Nd7 15. e4 dxe4 16. Bxe4 Qf8 17. a3 Nf6 18. Bf3 Rxe1+ 19. Rxe1 Re8 1/2-1/2

[Event "Muensterland Verbandsliga 0809"]
[Site "Germany"]
[Date "2009.01.10"]
[Round "5.6"]
[White "Tepasse, Wilhelm"]
[Black "Heine, Rolf"]
[Result "0-1"]
[WhiteElo "1846"]
[BlackElo "2038"]
[PlyCount "54"]
[EventDate "2008.09.20"]
[EventType "team-tourn"]
[EventRounds "9"]
[EventCountry "GER"]
[SourceTitle "EXT 2010"]
[Source "ChessBase"]
[SourceDate "2010.11.25"]
[SourceVersion "1"]
[SourceVersionDate "2010.11.25"]
[SourceQuality "1"]
[WhiteTeam "Bocholt"]
[BlackTeam "Sendenhorst"]
[WhiteTeamCountry "GER"]
[BlackTeamCountry "GER"]

1. d4 Nf6 2. Nf3 c5 3. c3 d5 4. g3 b6 5. Bg2 g6 6. Bf4 Bg7 7. 0-0 Nc6 8. Ne5 Bb7 9. Qa4 Qc8 10. Nd2 0-0 11. Ndf3 Nd7 12. Bh3 e6 13. Ng4 f5 14. Ne3 h6 15. Bd6 Rd8 16. dxc5 Nxc5 17. Bxc5 bxc5 18. Rad1 Qc7 19. Nc2 Qa5 20. Qxa5 Nxa5 21. b4 cxb4 22. cxb4 Nc4 23. Ncd4 Kf7 24. e3 e5 25. Nb3 Bc6 26. Nc5 d4 27. exd4 Bxf3 0-1

[Event "Muensterland Verbandsliga 0708"]
[Site "Germany"]
[Date "2008.02.09"]
[Round "6.7"]
[White "Mueller, Achim1111"]
[Black "Tepasse, Wilhelm"]
[Result "1-0"]
[WhiteElo "1836"]
[BlackElo "1846"]
[PlyCount "85"]
[EventDate "2007.09.08"]
[EventType "team"]
[EventRounds "9"]
[EventCountry "GER"]
[SourceTitle "EXT 2009"]
[Source "ChessBase"]
[SourceDate "2008.11.26"]
[SourceVersion "1"]
[SourceVersionDate "2008.11.26"]
[SourceQuality "1"]
[WhiteTeam "Rheine Klein Berlin"]
[BlackTeam "Bocholt"]
[WhiteTeamCountry "GER"]
[BlackTeamCountry "GER"]

1. e4 c6 2. Nf3 d5 3. exd5 cxd5 4. Ne5 Nc6 5. d4 Nf6 6. Bb5 Bd7 7. Nxd7 Qxd7 8. c3 e6 9. Nd2 Bd6 10. Nf3 0-0 11. 0-0 Qc7 12. Re1 a6 13. Ba4 b5 14. Bc2 Ne7 15. Bg5 Ng6 16. h4 Ng4 17. h5 Bh2+ 18. Kf1 Nf4 19. Nxh2 Nxh2+ 20. Kg1 f6 21. Bh4 f5 22. Bg3 Ng4 23. Qf3 e5 24. dxe5 Nxh5 25. Bxf5 Nxg3 26. Be6+ Kh8 27. Qxg4 Ne4 28. f3 Qc5+ 29. Kh2 Nd2 30. Qd4 Qe7 31. Bxd5 Qg5 32. Qe3 Qh4+ 33. Kg1 Rad8 34. Qxd2 Rf5 35. Rad1 Rh5 36. f4 Qh1+ 37. Kf2 Qh4+ 38. Kf1 Qh1+ 39. Kf2 Qh4+ 40. Ke2 Qg4+ 41. Bf3 Rxd2+ 42. Rxd2 Qh4 43. Rh1 1-0

[Event "Muensterland Verbandsliga 0607"]
[Site "Germany"]
[Date "2007.02.24"]
[Round "6.4"]
[White "Haselhorst, Helmut"]
[Black "Tepasse, Wilhelm"]
[Result "1-0"]
[WhiteElo "2173"]
[BlackElo "1857"]
[PlyCount "91"]
[EventDate "2006.09.16"]
[EventType "team"]
[EventRounds "9"]
[EventCountry "GER"]
[SourceTitle "EXT 2008"]
[Source "ChessBase"]
[SourceDate "2007.11.25"]
[SourceVersion "1"]
[SourceVersionDate "2007.11.25"]
[SourceQuality "1"]
[WhiteTeam "Westbevern"]
[BlackTeam "Bocholt"]
[WhiteTeamCountry "GER"]
[BlackTeamCountry "GER"]

1. d4 Nf6 2. Nf3 d5 3. c4 c6 4. Nc3 g6 5. Bg5 Bg7 6. e3 0-0 7. Bd3 Nbd7 8. 0-0 dxc4 9. Bxc4 Nb6 10. Be2 Bf5 11. Ne5 Nfd5 12. Nd3 Bxd3 13. Qxd3 f5 14. Nxd5 Nxd5 15. e4 fxe4 16. Qxe4 Qd6 17. Bc4 Rae8 18. f4 Kh8 19. Bxd5 Qxd5 20. Qxd5 cxd5 21. Rad1 h6 22. Bh4 Bf6 23. Bf2 Rc8 24. Rc1 Kg7 25. Be3 Rfd8 26. b3 Kf7 27. Kf2 h5 28. Ke2 Ke6 29. g3 Kd7 30. Kd3 e6 31. h3 Be7 32. g4 Rxc1 33. Bxc1 hxg4 34. hxg4 Rh8 35. f5 Rh3+ 36. Kc2 Rh2+ 37. Kb1 gxf5 38. gxf5 Re2 39. f6 Bf8 40. Rh1 e5 41. dxe5 Rxe5 42. Rh7+ Kc6 43. Rh8 Bc5 44. f7 Rf5 45. Rc8+ Kb6 46. Rxc5 1-0

[Event "Muensterland Verbandsliga 0405"]
[Site "Muensterland"]
[Date "2004.11.13"]
[Round "3.7"]
[White "Tepasse, Wilhelm"]
[Black "Goeppl, Florian"]
[Result "1-0"]
[WhiteElo "1853"]
[BlackElo "1859"]
[PlyCount "135"]
[EventDate "2004.09.18"]
[EventType "team"]
[EventRounds "9"]
[EventCountry "GER"]
[SourceTitle "EXT 2006"]
[Source "ChessBase"]
[SourceDate "2005.11.24"]
[SourceVersion "1"]
[SourceVersionDate "2005.11.24"]
[SourceQuality "1"]
[WhiteTeam "Bocholt"]
[BlackTeam "Saerbeck"]
[WhiteTeamCountry "GER"]
[BlackTeamCountry "GER"]

1. c4 e6 2. Nf3 Nf6 3. g3 d5 4. cxd5 exd5 5. Bg2 Bd6 6. Nc3 0-0 7. 0-0 c6 8. d4 Bf5 9. Bg5 Nbd7 10. Nh4 Bg6 11. Nxg6 fxg6 12. e4 dxe4 13. Nxe4 Be7 14. Qb3+ Nd5 15. Bxe7 Qxe7 16. Nc3 N7f6 17. Bxd5+ cxd5 18. Nxd5 Nxd5 19. Qxd5+ Rf7 20. Rae1 Qf6 21. Re6 Rd8 22. Rxf6 Rxd5 23. Rxf7 Kxf7 24. Rd1 Ke6 25. Kf1 Rh5 26. h4 g5 27. hxg5 Rxg5 28. Ke2 Rg4 29. Kf3 h5 30. Re1+ Kd6 31. Re4 Rg5 32. Kf4 Rg4+ 33. Kf3 Rg5 34. Re8 Rg4 35. Ke3 g6 36. Rd8+ Kc7 37. Re8 Kd6 38. Re5 Kd7 39. a4 Kd6 40. b3 Kd7 41. Kd3 Kd6 42. Kc4 g5 43. Re8 h4 44. gxh4 gxh4 45. Rh8 Rf4 46. Rh6+ Kd7 47. b4 Rxf2 48. Rxh4 Rf7 49. Kc5 Kc7 50. Rh5 Rd7 51. d5 Rg7 52. a5 b6+ 53. axb6+ axb6+ 54. Kb5 Rd7 55. Kc4 Re7 56. Rh6 Re4+ 57. Kb5 Rd4 58. d6+ Kb7 59. Rh7+ Kc8 60. Rc7+ Kb8 61. Rc6 Ka7 62. Rc7+ Kb8 63. Kc6 Rxb4 64. Rb7+ Ka8 65. Rxb6 Rc4+ 66. Kd7 Rh4 67. Kd8 Rh8+ 68. Kc7 1-0

[Event "Muensterland Verbandsliga 0304"]
[Site "Germany"]
[Date "2004.01.10"]
[Round "5.4"]
[White "Tepasse, Wilhelm"]
[Black "Mueller, Achim"]
[Result "1/2-1/2"]
[WhiteElo "1834"]
[BlackElo "1870"]
[PlyCount "116"]
[EventDate "2003.09.27"]
[EventType "team"]
[EventRounds "9"]
[EventCountry "GER"]
[SourceTitle "EXT 2005"]
[Source "ChessBase"]
[SourceDate "2004.11.15"]
[SourceVersion "1"]
[SourceVersionDate "2004.11.15"]
[SourceQuality "1"]
[WhiteTeam "Bocholt"]
[BlackTeam "Rheine Klein Berlin"]
[WhiteTeamCountry "GER"]
[BlackTeamCountry "GER"]

1. c4 e5 2. Nc3 Nc6 3. Nf3 f5 4. d3 Nf6 5. Bg5 Bb4 6. Nd2 Bxc3 7. bxc3 h6 8. Bxf6 Qxf6 9. e3 0-0 10. Be2 d6 11. 0-0 Bd7 12. Rc1 f4 13. Bg4 Bxg4 14. Qxg4 Qf5 15. Qxf5 Rxf5 16. Rcd1 b6 17. Nb3 Re8 18. e4 Rf7 19. f3 a5 20. a4 Rb8 21. Na1 Nd8 22. d4 Re7 23. Nc2 Nf7 24. Rb1 Rd7 25. Rfd1 Kf8 26. Na3 Ke7 27. Rb2 g5 28. Rdb1 h5 29. Nb5 g4 30. Na7 Rg8 31. fxg4 hxg4 32. Nc6+ Kf6 33. Rd1 exd4 34. cxd4 f3 35. Rbd2 Ng5 36. Re1 fxg2 37. Kxg2 Nf3 38. Rf2 Kg5 39. Rh1 Rh7 40. e5 Rgh8 41. Rxf3 gxf3+ 42. Kxf3 Kf5 43. Kg2 Rg7+ 44. Kf2 Rh4 45. Ke3 Rh3+ 46. Kf2 Rc3 47. Rf1 Kf4 48. e6 Rc2+ 49. Ke1+ Ke3 50. Kd1 Ra2 51. e7 Kd3 52. Rf3+ Kxc4 53. Rg3 Rxe7 54. Nxe7 Rxh2 55. d5 Ra2 56. Rg4+ Kb3 57. Nc6 Rxa4 58. Rg3+ Kc4 1/2-1/2

[Event "Muensterland Verbandsliga 0203"]
[Site "Muensterland"]
[Date "2003.03.29"]
[Round "8.8"]
[White "Metschan, Helmuth"]
[Black "Tepasse, Wilhelm"]
[Result "1/2-1/2"]
[WhiteElo "1919"]
[BlackElo "1850"]
[PlyCount "84"]
[EventDate "2002.09.21"]
[EventType "team"]
[EventRounds "9"]
[EventCountry "GER"]
[SourceTitle "EXT 2004"]
[Source "ChessBase"]
[SourceDate "2003.11.25"]
[SourceVersion "1"]
[SourceVersionDate "2003.11.25"]
[SourceQuality "1"]
[WhiteTeam "Ahaus Wessum"]
[BlackTeam "Bocholt"]
[WhiteTeamCountry "GER"]
[BlackTeamCountry "GER"]

1. Nf3 Nf6 2. d4 d5 3. c4 c6 4. cxd5 cxd5 5. Nc3 Nc6 6. h3 e6 7. e3 Bd6 8. Bd3 Bd7 9. Bd2 Nb4 10. Bb1 Qb6 11. a3 Qa6 12. Qe2 Rc8 13. Qxa6 Nxa6 14. 0-0 Nc7 15. Bd3 Bc6 16. Rfe1 0-0 17. Na2 Ne4 18. Bb4 Bb5 19. Bxe4 Bxb4 20. Bxh7+ Kxh7 21. Nxb4 a5 22. Na2 f6 23. Nd2 Ne8 24. Rac1 Nd6 25. Rxc8 Rxc8 26. Rc1 Rxc1+ 27. Nxc1 g5 28. Na2 Bd3 29. f3 Kg6 30. Kf2 Kf7 31. Nc3 b5 32. Na2 Ke7 33. Nc1 Bc2 34. Ke2 Kd7 35. Nd3 Ke7 36. Nc5 Kf7 37. e4 Ke7 38. g3 Kf7 39. Ke3 Ke7 40. b3 a4 41. b4 Kf7 42. Nd3 Bd1 1/2-1/2